000 00513nam a2200193 a 4500
001 157873
003 OSt
005 20220112142748.0
008 200630 ### ENG
020 _a9780521575720
082 _a531.01515
_bH19A
100 _aHand, Louis N.
245 _aAnalytical mechanics
_cby Louis N. Hand and Janet D. Finch
260 _aCambridge
_bCambridge University Press
_c2008
300 _a575p.
653 _aMechanics, Analytic
700 _aFinch, Janet D.
942 _2ddc
_cBK
999 _c20168
_d20168